000
00350nam a2200169Ia 4500
100
_a
Fee/Kenneth
650
_a
E-Learning
942
_c
BK
366
_f
25
654
_a
E-learning
245
_a
Delivering E-Learning
260
_b
Kogan Page
_c
2010
082
_a
371.33
_b
FEE
300
_a
180
546
_a
ENGLISH
_c
electronics
999
_c
32314
_d
32314